| 000 | 00481nam a22001577a 4500 | ||
|---|---|---|---|
| 020 | _a007100405 | ||
| 040 | _cNUST | ||
| 082 |
_a620.106 _bDAU |
||
| 100 |
_aRobert L. Daugherty _9125675 |
||
| 110 |
_aJoseph B. Franzini, E. John Finnemore _9125676 |
||
| 245 | _aFluid Mechanics with Engineering Applications | ||
| 250 | _aSI Metric Edition | ||
| 260 |
_aPakistan: _bNational Book Foundation, _c1989. |
||
| 650 | _2Fluid Mechanics with Engineering Applications | ||
| 942 |
_2ddc _cBK |
||
| 999 |
_c611393 _d611393 |
||